Baharul Anwaar (Record no. 1823)

MARC details
000 -LEADER
fixed length control field 00560nam a2200229 a 4500
020 ## - INTERNATIONAL STANDARD BOOK NUMBER
ISBN
082 00 - DEWEY DECIMAL CLASSIFICATION NUMBER
Classification number 297.409
Author Cutter MAJ
100 ## - MAIN ENTRY--AUTHOR NAME
Author name Majlisi,
245 ## - TITLE STATEMENT
Title Baharul Anwaar
260 ## - PUBLICATION, DISTRIBUTION, ETC. (IMPRINT)
Place of publication New York
Name of publisher Cross Road Publications
Year of publication 1878
500 ## - GENERAL NOTE
General note includes index and biblioraphy
505 2# - FORMATTED CONTENTS NOTE
Formatted contents note Seven Vols. Bound Together
650 ## - SUBJECT ADDED ENTRY--TOPICAL TERM
Topical Term Sufism-Hagiography
942 ## - ADDED ENTRY ELEMENTS (KOHA)
Koha item type Books
700 1# -
-- Majlisi,
Holdings
Collection code Home library Current library Date acquired Cost, normal purchase price Full call number Accession Number Koha item type
  Henry Martyn Institute Library Henry Martyn Institute Library 07/03/2007 100.00 297.409 MAJ 00252 Books
                   Copyright © 2026 | Henry Martyn Institute | Hyderabad | TS-500052 | INDIA | Implemented by hmi.edu.in
Hit-Count:

Powered by Koha